[Event "ESP-ch Amateurs U1700"]
[Site "Murcia"]
[Date "2022.08.31"]
[Round "3.5"]
[White "Carrillo Conesa, Jose Antonio"]
[Black "Valenzuela Garcia, Alberto"]
[Result "1-0"]
[WhiteElo "1637"]
[BlackElo "1506"]
[PlyCount "75"]
[EventDate "2022.08.30"]
[EventType "swiss"]
[EventRounds "9"]
[EventCountry "ESP"]
[SourceTitle "EXT 2024"]
[Source "ChessBase"]
[SourceDate "2023.10.10"]
[SourceVersion "1"]
[SourceVersionDate "2023.10.10"]
[SourceQuality "1"]

1. d4 d5 2. Nf3 e6 3. c4 Nf6 4. g3 Nbd7 5. Bg2 Be7 6. 0-0 0-0 7. Nbd2 b6 8. cxd5 exd5 9. h3 Bb7 10. Ne5 Nxe5 11. dxe5 Nd7 12. f4 f5 13. Nb3 c6 14. Be3 Bc5 15. Nxc5 Nxc5 16. Bxc5 bxc5 17. b3 Qb6 18. Kh2 Ba6 19. Re1 c4 20. bxc4 Bxc4 21. e3 Qb2 22. Qd4 Rfb8 23. Kg1 Qc2 24. Rec1 Qe2 25. Bf1 Qf3 26. Bxc4 Qxg3+ 27. Kf1 Qxh3+ 28. Ke1 Qg3+ 29. Kd2 dxc4 30. Qxc4+ Kh8 31. Qe2 Rd8+ 32. Kc3 Qh4 33. Rh1 Qe7 34. Qc4 Qa3+ 35. Kc2 Qxe3 36. Rxh7+ Kxh7 37. Rh1+ Kg6 38. Qe6# 1-0